CARACTEROLOGIE DES ENFANTS ET DES ADOLESCENTS: A L'USAGE DES PARENTS ET DES EDUCATEURS/

INDICE

সংরক্ষণ করুন:
গ্রন্থ-পঞ্জীর বিবরন
প্রধান লেখক: Le Gall, André (autor)
বিন্যাস: গ্রন্থ
সংস্করন:4a edición
বিষয়গুলি:
ট্যাগগুলো: ট্যাগ যুক্ত করুন
কোনো ট্যাগ নেই, প্রথমজন হিসাবে ট্যাগ করুন!

MARC

LEADER 00000nam^a2200000^a^4500
001 000217310
005 20250521000000.0
009 20260310103718.052
035 |a 013932 
037 |a Acervo Xavier Clavigero 
082 |a 155. 2 LEG 
100 |a Le Gall, André  |e (autor) 
245 1 0 |a CARACTEROLOGIE DES ENFANTS ET DES ADOLESCENTS:  |b A L'USAGE DES PARENTS ET DES EDUCATEURS/  |c ANDRE LE GALL 
250 |a 4a edición 
264 |a PARIS :  |b PRESSES UNIVERSITAIRES DE FRANCE,  |c 1958 
300 |a 468p. 
336 |a texto  |b txt  |2 rdacontenido 
337 |a sin mediación  |b n  |2 rdamedio 
338 |a volumen  |b nc  |2 rdasoporte 
520 |a INDICE 
649 |a XX 
650 |a Carácter 
650 |a Niños -  |x Condiciones Psicológicas 
650 |a Adolescentes 
910 |a Fondo General 
920 |a Impresos - Libros 
930 |a Colección General 
905 |a 101 
901 |a 013932  |b IT1  |c ACC  |i 013932  |u 20250521 
901 |a 013957  |b IT1  |c ACC  |i 013957  |u 20250521 
902 |a https://opac.biblio.iteso.mx/vufind/Record/000217310